00416nam a2200145 a 4500008004100000020001800041050001600059100002400075245006100099250001200160260004200172300002000214350001000234650002600244160421s2009 ||||||||||||||||| || u a9780470399118 aNA 2700 Chi aChing, Francis D. K10aArchitectural graphics. (5th ed.)cby Francis D.K. Ching a5th ed. aNew JerseybJohn Wiley and Sonsc2009 avi, 250p.: ill. a49.95 0aARCHITECTURAL DRAWING